000 00535nam a2200229Ia 4500
005 20250425162727.0
008 250425s9999 xx 000 0 und d
020 _a9788426715180
041 _aspa
043 _asp
082 _a005.72
110 _aMEDIAACTIVE
245 0 _aEL GRAN LIBRO DE DREAMWEAVER CS3
250 _a1A ED.
260 _aBARCELONA
260 _aEspaña
_bMARCOMBO
_c2008
300 _a722
650 _aDREAMWEAVER
650 _aSITIOS WEB-DISEÑO Y DESARROLLO
942 _c01
010 _a103437
999 _c235195
_d235195